[Event "HUN BAZ county-ch"]
[Site "Miskolc"]
[Date "1994.??.??"]
[Round "3"]
[White "Balogh, Farkas"]
[Black "Szilagyi, Gyorgy"]
[Result "0-1"]
[WhiteElo "1940"]
[BlackElo "1930"]
[PlyCount "54"]
[EventDate "1994.??.??"]
[EventType "swiss"]
[EventRounds "9"]
[EventCountry "HUN"]
[SourceTitle "EXT 2004"]
[Source "ChessBase"]
[SourceDate "2003.11.25"]
[SourceVersion "1"]
[SourceVersionDate "2003.11.25"]
[SourceQuality "1"]

1. d4 Nf6 2. c4 c5 3. d5 d6 4. Nc3 g6 5. e4 Bg7 6. Nf3 0-0 7. Be2 b5 8. cxb5 a6 9. 0-0 axb5 10. Bxb5 Ba6 11. Bxa6 Rxa6 12. Qc2 Nbd7 13. Bg5 Qa8 14. a3 Rb8 15. Rab1 Kf8 16. Rfe1 Ng4 17. Bf4 Nge5 18. Nxe5 Nxe5 19. Bc1 c4 20. Kh1 Qb7 21. Rd1 Qb3 22. Qxb3 Rxb3 23. Be3 Nd3 24. Ne2 Rxb2 25. Rxb2 Bxb2 26. g3 Rxa3 27. Bd4 Bxd4 0-1

[Event "HUN BAZ county-ch"]
[Site "Miskolc"]
[Date "1994.??.??"]
[Round "2"]
[White "Szilagyi, Gyorgy"]
[Black "Fekete, Sandor"]
[Result "0-1"]
[WhiteElo "1930"]
[BlackElo "2115"]
[PlyCount "114"]
[EventDate "1994.??.??"]
[EventType "swiss"]
[EventRounds "9"]
[EventCountry "HUN"]
[SourceTitle "EXT 2004"]
[Source "ChessBase"]
[SourceDate "2003.11.25"]
[SourceVersion "1"]
[SourceVersionDate "2003.11.25"]
[SourceQuality "1"]

1. d4 d5 2. c4 e6 3. Nc3 Nf6 4. e3 c6 5. Nf3 Nbd7 6. Bd3 Bd6 7. 0-0 0-0 8. Qc2 h6 9. Re1 Re8 10. e4 dxc4 11. Bxc4 e5 12. d5 Nb6 13. Bb3 c5 14. Nb5 a6 15. Nxd6 Qxd6 16. Be3 Nbd7 17. h3 b5 18. a4 c4 19. Ba2 Nc5 20. Bxc5 Qxc5 21. Rac1 Qa7 22. b3 cxb3 23. Bxb3 Bd7 24. a5 Rac8 25. Qb1 Qb8 26. Re2 Rxc1+ 27. Qxc1 Qd6 28. Qa1 Re7 29. Bc2 Be8 30. Bd3 Bd7 31. Rc2 Ne8 32. Qc3 f6 33. Nh4 Kf7 34. Be2 g6 35. Qg3 g5 36. Bh5+ Kg8 37. Bg4 Ng7 38. Ng6 Re8 39. h4 Bxg4 40. Qxg4 h5 41. Qf3 g4 42. Qb3 Kh7 43. Rc6 Qd8 44. Rxa6 Kxg6 45. Qxb5 Re7 46. Rb6 Ne8 47. Rb8 Nd6 48. Qb4 Qc7 49. g3 Re8 50. Rxe8 Nxe8 51. Qf8 Nd6 52. Qg8+ Qg7 53. Qe6 Nxe4 54. Qc6 Qa7 55. Qc2 Kf5 56. Qc8+ Kg6 57. Qc2 f5 0-1

[Event "Olomouc Sigma 15th"]
[Site "Olomouc"]
[Date "1982.08.19"]
[Round "7"]
[White "Szilagyi, Gyorgy"]
[Black "Beil, Zdenek"]
[Result "0-1"]
[WhiteElo "2290"]
[BlackElo "2370"]
[PlyCount "78"]
[EventDate "1982.08.13"]
[EventType "tourn"]
[EventRounds "11"]
[EventCountry "CSR"]
[EventCategory "4"]
[SourceTitle "EXT 2005"]
[Source "ChessBase"]
[SourceDate "2004.11.15"]
[SourceVersion "1"]
[SourceVersionDate "2004.11.15"]
[SourceQuality "1"]

1. Nf3 g6 2. c4 Bg7 3. Nc3 Nf6 4. g3 0-0 5. Bg2 d6 6. 0-0 e5 7. d3 Nc6 8. Rb1 a5 9. a3 Nd4 10. b4 Ne6 11. Ng5 Nxg5 12. Bxg5 h6 13. Bd2 axb4 14. axb4 c6 15. b5 d5 16. bxc6 bxc6 17. cxd5 cxd5 18. Qb3 Be6 19. Qb6 Qd7 20. Rfc1 Rfc8 21. Nd1 Rxc1 22. Bxc1 Qc8 23. Qb2 Nd7 24. Be3 Kh7 25. Rc1 Qa6 26. Bf1 Bf8 27. Rb1 d4 28. Bc1 Qc8 29. f4 Ra2 30. Qb5 Qc2 31. Nf2 Nc5 32. fxe5 Bb3 33. Rxb3 Qxb3 34. Qe8 Bg7 35. Ng4 Qe6 36. Nf6+ Bxf6 37. Qxe6 fxe6 38. exf6 g5 39. h4 Nb3 0-1

[Event "Olomouc Sigma 15th"]
[Site "Olomouc"]
[Date "1982.08.17"]
[Round "5"]
[White "Szilagyi, Gyorgy"]
[Black "Poloch, Petr"]
[Result "0-1"]
[WhiteElo "2290"]
[BlackElo "2395"]
[PlyCount "68"]
[EventDate "1982.08.13"]
[EventType "tourn"]
[EventRounds "11"]
[EventCountry "CSR"]
[EventCategory "4"]
[SourceTitle "EXT 2005"]
[Source "ChessBase"]
[SourceDate "2004.11.15"]
[SourceVersion "1"]
[SourceVersionDate "2004.11.15"]
[SourceQuality "1"]

1. d4 Nf6 2. Nf3 e6 3. c4 c5 4. e3 b6 5. Nc3 Bb7 6. Be2 d6 7. 0-0 Nbd7 8. b3 a6 9. Bb2 Be7 10. Rc1 0-0 11. Qc2 Re8 12. Rfd1 Bf8 13. dxc5 bxc5 14. Rd2 h6 15. Rcd1 Qc7 16. h3 Bc6 17. Ne1 Ne5 18. Nd3 Ng6 19. Ne1 Nh4 20. Nf3 Ng6 21. Ne1 d5 22. Rc1 d4 23. exd4 cxd4 24. Rxd4 Bc5 25. Rd2 Qg3 26. Bf3 Bxf3 27. Nxf3 Nf4 28. Ne1 Nxh3+ 29. Kf1 Nxf2 30. Rxf2 Ng4 31. Rf3 Nh2+ 32. Ke2 Nxf3 33. gxf3 Qf2+ 34. Kd1 Rad8+ 0-1

[Event "Stary Smokovec"]
[Site "Stary Smokovec"]
[Date "1980.??.??"]
[Round "6"]
[White "Novak, Ivan"]
[Black "Szilagyi, Gyorgy"]
[Result "1/2-1/2"]
[WhiteElo "2300"]
[BlackElo "2375"]
[PlyCount "33"]
[EventDate "1980.10.??"]
[EventType "tourn"]
[EventRounds "13"]
[EventCountry "CSR"]
[EventCategory "5"]
[SourceTitle "MCD"]
[Source "ChessBase"]
[SourceDate "1999.07.01"]
[SourceVersion "1"]
[SourceVersionDate "1999.07.01"]
[SourceQuality "1"]

1. e4 c6 2. d4 d5 3. exd5 cxd5 4. c4 Nf6 5. Nc3 Nc6 6. Nf3 e6 7. c5 Ne4 8. Bd3 f5 9. 0-0 Be7 10. Bb5 0-0 11. Bf4 g5 12. Bxc6 bxc6 13. Be5 Ba6 14. Re1 g4 15. Nd2 Bf6 16. Ndxe4 dxe4 17. Qa4 1/2-1/2

[Event "Stary Smokovec"]
[Site "Stary Smokovec"]
[Date "1980.??.??"]
[Round "8"]
[White "Prandstetter, Eduard"]
[Black "Szilagyi, Gyorgy"]
[Result "1/2-1/2"]
[WhiteElo "2445"]
[BlackElo "2375"]
[PlyCount "63"]
[EventDate "1980.10.??"]
[EventType "tourn"]
[EventRounds "13"]
[EventCountry "CSR"]
[EventCategory "5"]
[SourceTitle "MCD"]
[Source "ChessBase"]
[SourceDate "1999.07.01"]
[SourceVersion "1"]
[SourceVersionDate "1999.07.01"]
[SourceQuality "1"]

1. e4 c6 2. d4 d5 3. exd5 cxd5 4. Bd3 Nc6 5. c3 g6 6. Nf3 Bg7 7. Bf4 Nf6 8. Nbd2 0-0 9. 0-0 Nh5 10. Be3 f5 11. Nb3 f4 12. Bd2 Kh8 13. Re1 Bg4 14. Be2 Bf5 15. Nc5 b6 16. Nd3 Bh6 17. Nde5 Nxe5 18. Nxe5 Ng7 19. Bf3 Rc8 20. Qb3 Be6 21. Nd3 Bg8 22. Re5 e6 23. Qd1 g5 24. g4 Ne8 25. Re1 Nd6 26. Ne5 Nc4 27. Nxc4 Rxc4 28. Be2 Rc7 29. Bd3 Bg7 30. a4 Re7 31. a5 e5 32. dxe5 1/2-1/2

[Event "Budapest Honved MTK"]
[Site "Budapest"]
[Date "1979.07.15"]
[Round "13"]
[White "Szilagyi, Gyorgy"]
[Black "Nagy, Ervin"]
[Result "1/2-1/2"]
[WhiteElo "2355"]
[BlackElo "2415"]
[PlyCount "42"]
[EventDate "1979.07.02"]
[EventType "tourn"]
[EventRounds "15"]
[EventCountry "HUN"]
[SourceTitle "EXT 2021"]
[Source "ChessBase"]
[SourceDate "2020.10.23"]
[SourceVersion "1"]
[SourceVersionDate "2020.10.23"]
[SourceQuality "1"]

1. c4 c5 2. Nc3 Nc6 3. g3 g6 4. Bg2 Bg7 5. e3 e6 6. Nge2 Nge7 7. 0-0 Nf5 8. a3 0-0 9. b4 d6 10. Rb1 cxb4 11. axb4 Qc7 12. d3 Bd7 13. Ba3 Rad8 14. Qd2 Nce7 15. e4 Nd4 16. Nxd4 Bxd4 17. Ne2 Bg7 18. b5 b6 19. Rfc1 Rfe8 20. Qa2 e5 21. Nc3 Be6 1/2-1/2

[Event "Swinoujscie"]
[Site "Swinoujscie"]
[Date "1978.??.??"]
[Round "?"]
[White "Lipski, Tadeusz"]
[Black "Szilagyi, Gyorgy"]
[Result "1-0"]
[WhiteElo "2310"]
[BlackElo "2365"]
[PlyCount "83"]
[EventDate "1978.??.??"]
[EventType "game"]
[EventRounds "1"]
[EventCountry "POL"]
[SourceTitle "EXT 2010"]
[Source "ChessBase"]
[SourceDate "2010.11.25"]
[SourceVersion "1"]
[SourceVersionDate "2010.11.25"]
[SourceQuality "1"]

1. e4 c5 2. Nf3 d6 3. d4 Nf6 4. Nc3 cxd4 5. Nxd4 a6 6. g3 Bg4 7. f3 Bd7 8. Bg2 Nc6 9. Nb3 e6 10. Be3 Ne5 11. Qe2 Rc8 12. g4 Nc4 13. g5 Nh5 14. f4 Nxb2 15. Qxh5 Rxc3 16. Bd4 Rxc2 17. 0-0 Bb5 18. Rfc1 Rxc1+ 19. Rxc1 Nd3 20. Rf1 Nc5 21. Rc1 Nxb3 22. axb3 g6 23. Qh3 e5 24. fxe5 Bd7 25. Qc3 Bg7 26. e6 Bxd4+ 27. Qxd4 0-0 28. exd7 Qxd7 29. e5 Rd8 30. Rd1 Qf5 31. h4 d5 32. Bxd5 Re8 33. Re1 b5 34. Qf2 Qg4+ 35. Bg2 a5 36. Kh2 Re7 37. Qg3 Qd4 38. Bh3 a4 39. bxa4 bxa4 40. e6 Qd2+ 41. Kh1 fxe6 42. Qe5 1-0

[Event "EU-Cup 02nd round of 16"]
[Site "Budapest"]
[Date "1978.??.??"]
[Round "2.1"]
[White "Szilagyi, Gyorgy"]
[Black "Dvoretzky, Mark"]
[Result "1/2-1/2"]
[WhiteElo "2365"]
[BlackElo "2525"]
[PlyCount "88"]
[EventDate "1978.10.??"]
[EventType "team-match"]
[EventRounds "2"]
[EventCountry "HUN"]
[SourceTitle "EXT 2020"]
[Source "ChessBase"]
[SourceDate "2019.10.17"]
[SourceVersion "1"]
[SourceVersionDate "2019.10.17"]
[SourceQuality "1"]
[WhiteTeam "Budapest Voros Meteor MTK"]
[BlackTeam "Burevestnik"]
[WhiteTeamCountry "HUN"]
[BlackTeamCountry "URS"]

1. c4 e6 2. Nf3 d5 3. d4 Nf6 4. Nc3 c6 5. e3 Nbd7 6. Bd3 dxc4 7. Bxc4 b5 8. Bd3 a6 9. e4 c5 10. d5 c4 11. dxe6 fxe6 12. Bc2 Qc7 13. 0-0 Bb7 14. Nd4 Nc5 15. e5 Qxe5 16. Re1 Qd6 17. Nxe6 Qxd1 18. Nxd1 Nxe6 19. Rxe6+ Kf7 20. Re2 Bc5 21. Be3 Bxe3 22. Nxe3 Rhd8 23. Ree1 Rd2 24. Rad1 Rad8 25. Rxd2 Rxd2 26. Rd1 Rxd1+ 27. Bxd1 Ke6 28. f4 Be4 29. Kf2 Nd5 30. Bg4+ Kd6 31. Nxd5 Bxd5 32. g3 c3 33. bxc3 Bxa2 34. Bf5 h6 35. Ke3 Kc5 36. Kd2 a5 37. g4 a4 38. h4 a3 39. Kc2 b4 40. cxb4+ Kxb4 41. Bg6 Bd5 42. g5 Kc4 43. Kb1 Kd4 44. Ka1 Be4 1/2-1/2

[Event "Slavia Hradec Kralove-12 1977/78"]
[Site "Hradec Kralove"]
[Date "1977.12.27"]
[Round "2"]
[White "Szilagyi, Gyorgy"]
[Black "Pribyl, Josef"]
[Result "1/2-1/2"]
[WhiteElo "2370"]
[BlackElo "2485"]
[PlyCount "39"]
[EventDate "1977.12.26"]
[EventType "tourn"]
[EventRounds "11"]
[EventCountry "CSR"]
[EventCategory "7"]
[SourceTitle "EXT 2007"]
[Source "ChessBase"]
[SourceDate "2006.11.23"]
[SourceVersion "1"]
[SourceVersionDate "2006.11.23"]
[SourceQuality "1"]

1. c4 e5 2. Nc3 Nf6 3. g3 Nc6 4. Bg2 Bc5 5. Nf3 d6 6. 0-0 0-0 7. d3 h6 8. Na4 Bb6 9. Nxb6 axb6 10. b3 Bg4 11. h3 Bh5 12. Bb2 Re8 13. a3 Qd7 14. e4 Bxf3 15. Qxf3 Nh7 16. Qd1 Ng5 17. f4 Ne6 18. b4 f6 19. f5 Nf8 20. h4 1/2-1/2

[Event "Tatran Cup 25th"]
[Site "Stary Smokovec"]
[Date "1977.12.03"]
[Round "13.3"]
[White "Szilagyi, Gyorgy"]
[Black "Ftacnik, Lubomir"]
[Result "1/2-1/2"]
[WhiteElo "2370"]
[BlackElo "2360"]
[PlyCount "52"]
[EventDate "1977.11.20"]
[EventType "tourn"]
[EventRounds "13"]
[EventCountry "CSR"]
[EventCategory "6"]
[SourceTitle "MCD"]
[Source "ChessBase"]
[SourceDate "1999.07.01"]
[SourceVersion "1"]
[SourceVersionDate "1999.07.01"]
[SourceQuality "1"]

1. c4 Nf6 2. Nc3 c5 3. g3 e6 4. Nf3 b6 5. Bg2 Bb7 6. 0-0 Be7 7. b3 0-0 8. Bb2 d5 9. cxd5 Nxd5 10. d4 Nxc3 11. Bxc3 Na6 12. Rc1 Rc8 13. Qd2 Bf6 14. dxc5 Qxd2 15. Nxd2 Bxg2 16. Kxg2 Bxc3 17. Rxc3 Rxc5 18. Rxc5 Nxc5 19. Rc1 Rd8 20. b4 Rxd2 21. bxc5 bxc5 22. Rxc5 g6 23. Ra5 Rxe2 24. h4 h6 25. Rxa7 Kg7 26. a4 Ra2 1/2-1/2

[Event "Tatran Cup 25th"]
[Site "Stary Smokovec"]
[Date "1977.12.02"]
[Round "12.5"]
[White "Moehring, Guenther"]
[Black "Szilagyi, Gyorgy"]
[Result "1/2-1/2"]
[WhiteElo "2405"]
[BlackElo "2370"]
[PlyCount "50"]
[EventDate "1977.11.20"]
[EventType "tourn"]
[EventRounds "13"]
[EventCountry "CSR"]
[EventCategory "6"]
[SourceTitle "MCD"]
[Source "ChessBase"]
[SourceDate "1999.07.01"]
[SourceVersion "1"]
[SourceVersionDate "1999.07.01"]
[SourceQuality "1"]

1. d4 d5 2. c4 Nc6 3. cxd5 Qxd5 4. e3 e5 5. Nf3 Nf6 6. Be2 Bb4+ 7. Nc3 exd4 8. exd4 Ne4 9. Bd2 Bxc3 10. bxc3 Nxd2 11. Qxd2 0-0 12. 0-0 Bf5 13. Nh4 Be4 14. f3 Bg6 15. Nxg6 hxg6 16. Rab1 b6 17. f4 Rae8 18. Bd3 Ne7 19. Rbe1 Nf5 20. Qf2 c5 21. Bxf5 gxf5 22. dxc5 bxc5 23. c4 Qxc4 24. Rc1 Qa6 25. Qxc5 Qxa2 1/2-1/2

[Event "Tatran Cup 25th"]
[Site "Stary Smokovec"]
[Date "1977.11.28"]
[Round "8.3"]
[White "Cvetkovic, Srdjan"]
[Black "Szilagyi, Gyorgy"]
[Result "1-0"]
[WhiteElo "2395"]
[BlackElo "2370"]
[PlyCount "115"]
[EventDate "1977.11.20"]
[EventType "tourn"]
[EventRounds "13"]
[EventCountry "CSR"]
[EventCategory "6"]
[SourceTitle "MCD"]
[Source "ChessBase"]
[SourceDate "1999.07.01"]
[SourceVersion "1"]
[SourceVersionDate "1999.07.01"]
[SourceQuality "1"]

1. Nf3 Nf6 2. c4 g6 3. Nc3 Bg7 4. e4 d6 5. d4 0-0 6. Be2 e5 7. d5 a5 8. Bg5 h6 9. Bh4 g5 10. Bg3 Nh5 11. Nd2 Nf4 12. 0-0 Na6 13. Bg4 Nc5 14. Bxc8 Qxc8 15. Nb3 b6 16. Nxc5 bxc5 17. a4 f5 18. f3 fxe4 19. fxe4 Qe8 20. Nb5 Qd7 21. h3 Bf6 22. Kh2 Rf7 23. Ra3 Rh7 24. Rb3 h5 25. Kg1 Kh8 26. Be1 h4 27. Bd2 Kg7 28. Qg4 Kg6 29. Qxd7 Rxd7 30. Nc3 Ra6 31. Rb5 Bd8 32. Bxf4 exf4 33. e5 dxe5 34. Ne4 Be7 35. Re1 Kf5 36. Kf2 c6 37. Nxc5 Bxc5+ 38. Rxc5 cxd5 39. cxd5 Rb7 40. Re2 Rab6 41. d6 Rxb2 42. Rcxe5+ Kf6 43. Rxa5 Rxe2+ 44. Kxe2 Rb2+ 45. Kd3 Ke6 46. Rxg5 Kxd6 47. a5 f3 48. gxf3 Rh2 49. a6 Rxh3 50. Ke3 Kc7 51. Rb5 Rh1 52. Rb7+ Kd6 53. Rh7 Ke5 54. Rh5+ Kf6 55. Ra5 Re1+ 56. Kf4 Re8 57. a7 Ra8 58. Ra6+ 1-0

[Event "Tatran Cup 25th"]
[Site "Stary Smokovec"]
[Date "1977.11.22"]
[Round "3.7"]
[White "Novak, Ivan"]
[Black "Szilagyi, Gyorgy"]
[Result "0-1"]
[WhiteElo "2345"]
[BlackElo "2370"]
[PlyCount "80"]
[EventDate "1977.11.20"]
[EventType "tourn"]
[EventRounds "13"]
[EventCountry "CSR"]
[EventCategory "6"]
[SourceTitle "MCD"]
[Source "ChessBase"]
[SourceDate "1999.07.01"]
[SourceVersion "1"]
[SourceVersionDate "1999.07.01"]
[SourceQuality "1"]

1. e4 c5 2. c3 e6 3. d4 d5 4. e5 Nc6 5. Nf3 Qb6 6. a3 Bd7 7. b4 c4 8. a4 a5 9. b5 Nd8 10. g3 f5 11. Nfd2 Nf7 12. f4 Ne7 13. Ba3 Qc7 14. Ra2 Nc8 15. Bxf8 Rxf8 16. Qh5 h6 17. Nf3 Ne7 18. Nh4 g5 19. Ng6 Rg8 20. Nxe7 Kxe7 21. Rf2 Raf8 22. Qd1 Kd8 23. Be2 Kc8 24. Qc1 Kb8 25. Qa3 Bc8 26. Nd2 Qd8 27. Bh5 gxf4 28. gxf4 Qh4 29. Bxf7 Rxf7 30. Qd6+ Ka7 31. b6+ Ka6 32. Qb8 Kxb6 33. Nf3 Qd8 34. Rb2+ Kc6 35. Rb5 b6 36. Kf2 Rb7 37. Qa8 Kc7 38. Rhb1 Bd7 39. Rc5+ Bc6 40. Qa6 bxc5 0-1